000 00290nam a22001337a 4500
008 260211b ||||| |||| 00| 0 eng d
020 _a9789606632914
041 _aeng
080 _a001
100 _a20
101 _aital
245 _aDieci Racconti
_c Marco Dominici
942 _2lcc
_cBK
999 _c60768
_d60768